Catálogo

SUNSET IDEAS FOR COLOR IN YOUR GARDEN (Registro nro. 15628)

Detalles MARC
000 -LEADER
fixed length control field 00414nam a2200157 a 4500
001 - CONTROL NUMBER
control field 15628
005 - DATE AND TIME OF LATEST TRANSACTION
control field 20180713204340.0
008 - FIXED-LENGTH DATA ELEMENTS--GENERAL INFORMATION
fixed length control field 140415s1958 000 0 spa d
041 ## - LANGUAGE CODE
Language code of text/sound track or separate title spa
082 ## - DEWEY DECIMAL CLASSIFICATION NUMBER
Classification number 635.9
Item number SUN
245 00 - TITLE STATEMENT
Title SUNSET IDEAS FOR COLOR IN YOUR GARDEN
260 ## - PUBLICATION, DISTRIBUTION, ETC.
Place of publication, distribution, etc. [s.l.] :
Name of publisher, distributor, etc. LANE BOOK,
Date of publication, distribution, etc. 1958
300 ## - PHYSICAL DESCRIPTION
Extent 80
490 ## - SERIES STATEMENT
Series statement LANE
Volume/sequential designation 315
650 14 - SUBJECT ADDED ENTRY--TOPICAL TERM
Topical term or geographic name entry element JARDINERIA
General subdivision JARDINERIA ARTISTICA
Existencias
Withdrawn status Lost status Source of classification or shelving scheme Damaged status Not for loan Collection code Home library Current library Shelving location Date acquired Source of acquisition Inventory number Total Checkouts Full call number Barcode Date last seen Price effective from Koha item type
    Dewey Decimal Classification     General Biblioteca Karol Wojtyla Biblioteca Karol Wojtyla Área de silencio 03/12/2013 Compra 151000000000000000011646   635.9 SUN 33275 05/01/2026 03/12/2013 Libro